000 00366nam a22001217a 4500
999 _c13595
_d13595
020 _a9693516974
082 _a923.4
100 _aمرتبہ محمّد اکرم چغتائی
245 _aجمال الدین افغانی
_bاتحاد عالم اسلامی کا نقیب
260 _aلاہور
_bسنگ میل
_c٢٠٠٥
300 _a٧٢٨ صفحات
942 _cBK